000 00854nam a2200277 i 4500
001 4112782
003 ARRUPE
005 20161006102432.0
008 750913s1975 enka b 001 0 eng
010 _a 75323903
015 _aGB75-11758
020 _a0600370224 :
_c£2.95
040 _aDLC
_cDLC
_dDLC
050 0 0 _aPN1995.9.D4
_bC3
082 0 0 _a791.43/0909/353
100 1 _aCameron, Ian Alexander,
_d1937-
_926504
245 1 2 _aA pictorial history of crime films /
_cIan Cameron.
260 _aLondon ;
_aNew York :
_bHamlyn,
_c1975.
300 _a2-221 p. :
_bill. ;
_c31 cm.
500 _aIll. on lining papers.
500 _aIncludes index.
504 _aBibliography: p. 217.
650 0 _aDetective and mystery films
_xHistory and criticism.
_926505
906 _a7
_bcbc
_corignew
_d3
_encip
_f19
_gy-gencatlg
942 _2lcc
_cMONOGRAPH
999 _c125428
_d125428